Risalah konperensi kerdja gabungan Kementerian Veteran & Demobilisasi dan Legiun Veteran R.I. dari tgl. 10 Djuni 1966 s/d tgl. 15 Djuni 1966 di Wisma Karti, Ragunan, Djakarta. (Record no. 88966)

MARC details
000 -LEADER
fixed length control field 00823cam a22002411 4500
001 - CONTROL NUMBER
control field sa 68019570
003 - CONTROL NUMBER IDENTIFIER
control field DLC
005 - DATE AND TIME OF LATEST TRANSACTION
control field 20260227112718.0
008 - FIXED-LENGTH DATA ELEMENTS--GENERAL INFORMATION
fixed length control field 940323s1966 io 100 0 und
010 ## - LIBRARY OF CONGRESS CONTROL NUMBER
LC control number sa 68019570
025 ## - OVERSEAS ACQUISITION NUMBER
Overseas acquisition number PL480:Indo-7030
035 ## - SYSTEM CONTROL NUMBER
System control number (OCoLC)30014252
040 ## - CATALOGING SOURCE
Original cataloging agency DLC
Transcribing agency CU
Modifying agency DLC
042 ## - AUTHENTICATION CODE
Authentication code premarc
050 00 - LIBRARY OF CONGRESS CALL NUMBER
Classification number UB359.I53
Item number A45
110 1# - MAIN ENTRY--CORPORATE NAME
Corporate name or jurisdiction name as entry element Indonesia.
Subordinate unit Departemen Veteran dan Demobilisasi.
245 00 - TITLE STATEMENT
Title Risalah konperensi kerdja gabungan Kementerian Veteran & Demobilisasi dan Legiun Veteran R.I. dari tgl. 10 Djuni 1966 s/d tgl. 15 Djuni 1966 di Wisma Karti, Ragunan, Djakarta.
260 ## - PUBLICATION, DISTRIBUTION, ETC.
Place of publication, distribution, etc. [Djakarta,
Date of publication, distribution, etc. 1966?]
300 ## - PHYSICAL DESCRIPTION
Extent 1 v. (various pagings)
Dimensions 34 cm.
500 ## - GENERAL NOTE
General note Cover title.
650 #0 - SUBJECT ADDED ENTRY--TOPICAL TERM
Topical term or geographic name entry element Veterans
Geographic subdivision Indonesia
Form subdivision Congresses.
710 2# - ADDED ENTRY--CORPORATE NAME
Corporate name or jurisdiction name as entry element Legiun Veteran Republik Indonesia.

No items available.

Powered by Koha